[Event "164 Stay Safe Play From Home"]
[Site "T#646250Emanuel Laske"]
[Date "2020.05.22"]
[Round "7"]
[White "Trotsky"]
[Black "Haxhi Baha"]
[Result "0-1"]
[WhiteElo "1598"]
[BlackElo "1937"]
[Annotator "TA"]
[PlyCount "52"]
[EventDate "2020.05.22"]
[EventType "swiss (blitz)"]

{[%evp 9,51,20,55,50,58,43,70,32,37,0,33,-114,-44,-87,-93,-70,-84,-143,-141,-141,-138,-154,-128,-277,-249,-234,-237,-223,-223,-292,-298,-301,-300,-586,-520,-1231,-1179,-29994,-29990,-29993,-29994,-29997,-29998,-29999]} 1. d4 d5 2. e3 e6 3. c4 c6 4. Nc3 Nf6 5. Nf3 dxc4 6. Bxc4 {D45: Semi-Slav: 5 e3.} b5 7. Bd3 a6 8. Qc2 {White is slightly better.} Bb7 {[#]} 9. Bd2 $146 ({Predecessor:} 9. e4 h6 10. O-O Nbd7 11. e5 Nd5 12. Nxd5 cxd5 13. a4 b4 14. a5 Nb8 15. Nd2 {1-0 (46) Li,R (2417)-Dao,T (2530) Manila 2007}) 9... c5 10. h4 (10. dxc5 $1 $14 {stays ahead.} Bxc5 11. Nxb5) 10... c4 (10... Nc6 $17 11. Rd1 cxd4 12. exd4 Nxd4 13. Nxd4 Qxd4) 11. Be4 Nxe4 12. Nxe4 Nd7 13. O-O-O (13. Kf1 $142) 13... Be7 14. Kb1 Rc8 15. Ka1 b4 16. Neg5 (16. Nc5 $17 {might work better.} Nxc5 17. dxc5) 16... h6 17. Nxe6 fxe6 18. Qg6+ Kf8 {White must now prevent ...c3.} 19. Ne5 Nxe5 20. dxe5 {If only White now had time for Bxb4!...} Qe8 21. Qg3 $2 (21. Qxe6 {was forced.} Qc6 22. Qf5+ Kg8 23. f3) 21... Bd5 {[#] aiming for ...c3.} 22. f3 (22. Bc1 $142 c3 23. Rxd5 exd5 24. Rd1) 22... c3 $19 23. e4 Bxa2 {Black mates.} 24. Bc1 Qa4 25. b3 Bxb3+ 26. Kb1 Qa2# {White did not feel at home in the position after the opening. Accuracy: White = 24%, Black = 80%.} 0-1

[Event "164 Stay Safe Play From Home"]
[Site "T#646250Emanuel Laske"]
[Date "2020.05.22"]
[Round "8"]
[White "Mepe_Nika"]
[Black "Klausen"]
[Result "1-0"]
[WhiteElo "2358"]
[BlackElo "1821"]
[Annotator "TA"]
[PlyCount "51"]
[EventDate "2020.05.22"]
[EventType "swiss (blitz)"]

{[%evp 9,50,33,34,27,24,16,36,38,38,13,23,16,16,18,52,33,41,24,25,10,146,144,519,463,514,21,18,15,12,-12,677,679,29986,170,457,164,195,136,179,115,29996,29997,29999]} 1. e4 e6 2. d4 d5 3. Bd3 Nf6 4. e5 Nfd7 5. f4 c5 6. c3 {C01: French: Exchange Variation.} Nc6 7. Nf3 cxd4 8. cxd4 {White is slightly better.} Qb6 9. Bc2 Nb4 10. Nc3 Nxc2+ 11. Qxc2 {[#]} f6 $146 ({Predecessor:} 11... Bb4 12. O-O O-O 13. Na4 Qa6 {½-½ (13) Sudakova,I (2356)-Gadimbayli,A (2319) Baku 2017}) 12. O-O Be7 13. Be3 O-O 14. Rf2 fxe5 (14... f5 $11) 15. fxe5 $16 ({Weaker is} 15. Nxe5 Nxe5 16. fxe5 Rxf2 $11) 15... h6 $2 {[%mdl 8192]} (15... Qd8 $16 {is tougher.}) 16. Raf1 Rf7 17. Ne2 $2 (17. Ng5 $18 {White threatens Qh7+ and mate.} Bxg5 18. Rxf7 Bxe3+ 19. Kh1 Bxd4 20. Qg6 $1 {[%mdl 512]} Bxe5 21. Re7) 17... Nf8 $1 $11 18. Nf4 {Black should prevent Ng6.} Bd7 19. Ng6 Nxg6 $4 {[%mdl 8192]} (19... Rc8 $11 20. Nxe7+ Rxe7) 20. Qxg6 $18 {White wants to mate with Ng5.} Raf8 21. Bxh6 $2 (21. Ng5 $1 {mates} hxg5 22. Rxf7 Rxf7 23. Rxf7 Bf8 24. Rxd7 Qxb2 25. Qf7+ Kh7 26. Qxf8 Qb1+ 27. Kf2 $1 {[%mdl 512]} Qc2+ 28. Kg3 $1 {[%mdl 512]}) 21... Bb5 $2 {[#]} (21... Be8 22. b3 Qc7) 22. Rd1 $2 (22. Ng5 $1 {[%csl Gg5][%cal Rg6h7]} Bd3 23. Qxd3 Bxg5 24. Rxf7 Rxf7 25. Bxg5) 22... Ba4 {[#]} 23. b3 $40 {[%mdl 128] White goes for the king.} (23. Rc1 $1 $18) 23... Bb5 24. Bg5 (24. Rc1 $18) 24... Bxg5 $4 {[%mdl 8192]} (24... Be8 $16 25. Bxe7 Rxe7) 25. Nxg5 {[%csl Gg5][%cal Rg6h7]} Rxf2 26. Qh7# {Accuracy: White = 50%, Black = 25%.} 1-0

[Event "164 Stay Safe Play From Home"]
[Site "T#646250Emanuel Laske"]
[Date "2020.05.22"]
[Round "8"]
[White "BrainThinker22"]
[Black "Emresenar"]
[Result "1-0"]
[WhiteElo "2231"]
[BlackElo "1719"]
[Annotator "NA RC"]
[PlyCount "97"]
[EventDate "2020.05.22"]
[EventType "swiss (blitz)"]

1. e4 {[%emt 0:00:00]} b6 {[%emt 0:00:01]} 2. Nc3 {[%emt 0:00:00]} Bb7 {[%emt 0:00:00]} 3. g3 {[%emt 0:00:00]} g6 {[%emt 0:00:01]} 4. Bg2 {[%emt 0:00:00]} Bg7 {[%emt 0:00:00]} 5. d3 {[%emt 0:00:00]} f5 {[%emt 0:00:02]} 6. Be3 {[%emt 0:00:00]} Nf6 {[%emt 0:00:02]} 7. Qd2 {[%emt 0:00:01]} O-O {[%emt 0:00:01]} 8. Nge2 {[%emt 0:00:01]} fxe4 {[%emt 0:00:01]} 9. dxe4 {[%emt 0:00:01]} Nc6 {[%emt 0:00:03]} 10. O-O {[%emt 0:00:01]} e5 {[%emt 0:00:01]} 11. h3 {[%emt 0:00:01]} d6 {[%emt 0:00:01]} 12. f4 {[%emt 0:00:01]} Qe7 {[%emt 0:00:01]} 13. Nd5 {[%emt 0:00:01]} Nxd5 {[%emt 0:00:01]} 14. exd5 {[%emt 0:00:00]} Nd8 {[%emt 0:00:04]} 15. c4 {[%emt 0:00:01]} Nf7 {[%emt 0:00:01]} 16. Rae1 {[%emt 0:00:02]} Rae8 {[%emt 0:00:02]} 17. f5 {[%emt 0:00:01]} gxf5 {[%emt 0:00:02]} 18. Rxf5 {[%emt 0:00:00]} Bc8 {[%emt 0:00:02]} 19. Rf2 {[%emt 0:00:02]} Nd8 {[%emt 0:00:04]} 20. Ref1 {[%emt 0:00:01]} Rxf2 {[%emt 0:00:02]} 21. Rxf2 {[%emt 0:00:00]} Rf8 {[%emt 0:00:01]} 22. Bh6 {[%emt 0:00:00]} Rxf2 {[%emt 0:00:02]} 23. Kxf2 {[%emt 0:00:01]} Bxh6 {[%emt 0:00:01]} 24. Qxh6 {[%emt 0:00:01]} Qf8+ {[%emt 0:00:00]} 25. Qxf8+ {[%emt 0:00:01]} Kxf8 {[%emt 0:00:00]} 26. Nc3 {[%emt 0:00:00]} a6 {[%emt 0:00:02]} 27. b4 {[%emt 0:00:01]} Bd7 {[%emt 0:00:02]} 28. a4 {[%emt 0:00:01]} Nf7 {[%emt 0:00:02]} 29. h4 {[%emt 0:00:01]} Kg7 {[%emt 0:00:01]} 30. Be4 {[%emt 0:00:01]} h6 {[%emt 0:00:01]} 31. b5 {[%emt 0:00:01]} a5 {[%emt 0:00:01]} 32. Ne2 {[%emt 0:00:02]} Kf6 {[%emt 0:00:01]} 33. Ke3 {[%emt 0:00:00]} Bf5 {[%emt 0:00:02]} 34. Ng1 {[%emt 0:00:01]} Bxe4 {[%emt 0:00:01]} 35. Kxe4 {[%emt 0:00:00]} h5 {[%emt 0:00:02]} 36. Nf3 {[%emt 0:00:01]} Kg6 {[%emt 0:00:03]} 37. Ne1 {[%emt 0:00:08]} Kf6 {[%emt 0:00:01]} 38. Ng2 {[%emt 0:00:01]} Kg6 {[%emt 0:00:01]} 39. Ne3 {[%emt 0:00:00]} Kf6 {[%emt 0:00:01]} 40. Nf5 {[%emt 0:00:01]} Kg6 {[%emt 0:00:01]} 41. Ne7+ {[%emt 0:00:01]} Kf6 {[%emt 0:00:01]} 42. Nc6 {[%emt 0:00:02]} Nh6 {[%emt 0:00:00]} 43. Nb8 {[%emt 0:00:03]} Ng4 {[%emt 0:00:00]} 44. Nd7+ {[%emt 0:00:01]} Ke7 {[%emt 0:00:02]} 45. c5 {[%emt 0:00:00]} Nf2+ {[%emt 0:00:00]} 46. Kf3 {[%emt 0:00:01]} Kxd7 {[%emt 0:00:00]} 47. c6+ {[%emt 0:00:01]} Ke7 {[%emt 0:00:00]} 48. Kxf2 {[%emt 0:00:00]} Kf6 {[%emt 0:00:00]} 49. Ke3 {[%emt 0:00:00] (Lag: Av=0.70s, max=1.0s)} 1-0

[Event "164 Stay Safe Play From Home"]
[Site "T#646250Emanuel Laske"]
[Date "2020.05.22"]
[Round "8"]
[White "SoulofWolf"]
[Black "Rogan"]
[Result "0-1"]
[WhiteElo "2105"]
[BlackElo "2250"]
[Annotator "TA"]
[PlyCount "44"]
[EventDate "2020.05.22"]
[EventType "swiss (blitz)"]

{[%evp 9,43,0,0,-6,10,13,31,29,20,24,33,34,46,14,16,0,87,66,94,0,57,0,0,0,-18,-32,-48,-29,0,-202,-76,-357,-339,-757,-751,-29999]} 1. e4 d5 2. Nc3 Nf6 3. e5 d4 4. exf6 dxc3 5. fxe7 Qxe7+ 6. Be2 {B02: Alekhine's Defence: Chase Variation and lines with early Nc3.} cxd2+ 7. Bxd2 {[#]} Be6 $146 ({Predecessor:} 7... Bg4 8. Be3 Bxe2 9. Qxe2 Nd7 10. O-O-O O-O-O 11. Nf3 Qe6 12. Kb1 h6 13. Nd4 Qg6 {1-0 (31) Vaicekauskas,G (2202)-Beinoras,M (2363) Kaunas 2015}) 8. Nf3 {White is slightly better.} Nc6 9. O-O O-O-O 10. Re1 g6 11. Qc1 (11. Bc4 $5) 11... Bg7 12. c3 h5 (12... Rhe8 $11 {remains equal.}) 13. Bg5 Bf6 {[#]} 14. Bf4 (14. Bc4 $1 $16 {[%mdl 512]}) 14... Rdg8 (14... Rhe8 $11) 15. b4 (15. Bb5 $14) 15... g5 $11 16. Be3 g4 17. Nd4 Nxd4 18. cxd4 h4 19. Bf4 $2 (19. Qa3 $1 $11 {and White stays safe.} a6 20. Bxa6 bxa6 21. Qxa6+ Kd8 22. Rac1) 19... g3 (19... Bxd4 $19 {is more deadly. And now ...g3 would win.} 20. Qxc7+ Qxc7) 20. fxg3 $2 {[%mdl 8192]} (20. Qc3 $17) 20... hxg3 $19 ({Don't take} 20... Bxd4+ 21. Be3 $19) 21. hxg3 $2 (21. Qe3 Rxh2 22. Rac1) 21... Bxd4+ {[%mdl 64] [#] Double Attack} 22. Kf1 Rh1# {Accuracy: White = 41%, Black = 57%.} 0-1

[Event "164 Stay Safe Play From Home"]
[Site "T#646250Emanuel Laske"]
[Date "2020.05.22"]
[Round "8"]
[White "Fischer_11"]
[Black "Toosieslide"]
[Result "0-1"]
[WhiteElo "2089"]
[BlackElo "2258"]
[Annotator "NA RC"]
[PlyCount "72"]
[EventDate "2020.05.22"]
[EventType "swiss (blitz)"]

1. e4 {[%emt 0:00:01]} e5 {[%emt 0:00:01]} 2. Nc3 {[%emt 0:00:01]} Nf6 {[%emt 0:00:01]} 3. Bc4 {[%emt 0:00:00]} Nxe4 {[%emt 0:00:01]} 4. Bxf7+ {[%emt 0:00:05]} Kxf7 {[%emt 0:00:00]} 5. Nxe4 {[%emt 0:00:00]} d5 {[%emt 0:00:00]} 6. Qf3+ {[%emt 0:00:00]} Kg8 {[%emt 0:00:02]} 7. Ng5 {[%emt 0:00:00]} Qd7 {[%emt 0:00:06]} 8. d4 {[%emt 0:00:03]} e4 {[%emt 0:00:03]} 9. Qe2 {[%emt 0:00:02]} Be7 {[%emt 0:00:01]} 10. f3 {[%emt 0:00:02]} h6 {[%emt 0:00:01]} 11. N5h3 {[%emt 0:00:01]} exf3 {[%emt 0:00:03]} 12. Nxf3 {[%emt 0:00:04]} Kh7 {[%emt 0:00:01]} 13. O-O {[%emt 0:00:01]} Re8 {[%emt 0:00:01]} 14. Qd3+ {[%emt 0:00:01]} Qf5 {[%emt 0:00:01]} 15. Nf2 {[%emt 0:00:05]} Qxd3 {[%emt 0:00:01]} 16. Nxd3 {[%emt 0:00:00]} Nc6 {[%emt 0:00:02]} 17. c3 {[%emt 0:00:01]} Bf5 {[%emt 0:00:01]} 18. Nde5 {[%emt 0:00:01]} Nxe5 {[%emt 0:00:02]} 19. Nxe5 {[%emt 0:00:00]} Be4 {[%emt 0:00:01]} 20. Be3 {[%emt 0:00:05]} Bf6 {[%emt 0:00:01]} 21. Ng4 {[%emt 0:00:04] Fischer_11 bietet Remis} Re6 {[%emt 0:00:03]} 22. Nxf6+ {[%emt 0:00:01]} Rxf6 {[%emt 0:00:00]} 23. Rxf6 {[%emt 0:00:01]} gxf6 {[%emt 0:00:00]} 24. Rf1 {[%emt 0:00:01]} f5 {[%emt 0:00:01]} 25. Bf4 {[%emt 0:00:01]} c6 {[%emt 0:00:01]} 26. Be5 {[%emt 0:00:00]} Rg8 {[%emt 0:00:01]} 27. g3 {[%emt 0:00:00]} h5 {[%emt 0:00:00]} 28. h4 {[%emt 0:00:01]} Rg4 {[%emt 0:00:02]} 29. Kf2 {[%emt 0:00:02]} b5 {[%emt 0:00:02]} 30. Ke3 {[%emt 0:00:01]} Rg8 {[%emt 0:00:00]} 31. a3 {[%emt 0:00:01]} Kg6 {[%emt 0:00:00]} 32. Kf4 {[%emt 0:00:01]} Ra8 {[%emt 0:00:01]} 33. Bd6 {[%emt 0:00:02]} a5 {[%emt 0:00:01]} 34. Ke5 {[%emt 0:00:01]} Re8+ {[%emt 0:00:00]} 35. Kf4 {[%emt 0:00:01]} Bg2 {[%emt 0:00:00]} 36. Rf2 {[%emt 0:00:04]} Re4# {[%emt 0:00:01] (Lag: Av=0.39s, max=0.8s)} 0-1

[Event "164 Stay Safe Play From Home"]
[Site "T#646250Emanuel Laske"]
[Date "2020.05.22"]
[Round "8"]
[White "Weltszmerc"]
[Black "Lamborghini"]
[Result "0-1"]
[WhiteElo "2051"]
[BlackElo "2221"]
[Annotator "TA"]
[PlyCount "88"]
[EventDate "2020.05.22"]
[EventType "swiss (blitz)"]

{[%evp 18,87,2,-67,1,0,25,25,18,-5,-16,-15,68,-1015,-995,-1097,-1103,-1192,-1136,-1380,-1390,-1580,-1571,-1554,-1536,-1452,-1342,-1788,-1656,-1590,-1535,-1462,-1413,-1535,-1359,-1752,-1742,-29987,-29988,-29988,-29988,-29988,-29989,-29987,-29983,-29982,-29983,-29988,-29989,-29993,-29993,-29994,-29993,-29993,-29993,-29994,-29995,-29995,-29996,-29996,-29997,-29997,-29997,-29997,-29998,-29998,-29998,-29998,-29998,-29998,-29999,-29999]} 1. d4 Nf6 2. c4 g6 3. Nc3 Bg7 4. e4 O-O 5. f3 d6 6. Nge2 Nc6 7. Be3 a6 8. g4 Rb8 9. Qd2 b5 10. Ng3 ({White should try} 10. cxb5 $11 axb5 11. Ng3) 10... bxc4 {E84: King's Indian: Sämisch Panno: 7 Nge2 a6 8 Qd2 Rb8.} (10... e5 $1 $15 11. d5 {[#]} Nd4 $1 {[%mdl 512]}) 11. Bxc4 $11 e5 12. d5 Nd4 {White has an edge.} 13. Be2 Bd7 {[#]} 14. h4 $146 ({Predecessor:} 14. O-O-O c5 15. h4 Qa5 16. h5 Rb4 17. Qe1 Rxb2 18. Kxb2 Qb4+ 19. Kc1 Qa3+ 20. Kd2 Qb2+ 21. Kd3 Bb5+ {0-1 (21) Notha,M-Jere,D (2195) Lusaka 2005}) 14... Bb5 (14... c6 $11) 15. Bxb5 $4 {[%mdl 8192] White does not recover from this.} (15. Nxb5 $14 axb5 16. h5) 15... Nxf3+ $19 {[%mdl 64] Double Attack} ({Stronger than} 15... axb5 16. Kf2 $14) 16. Ke2 Nxd2 17. Kxd2 axb5 18. b4 Nxg4 19. Bg5 f6 20. Be3 Nxe3 21. Kxe3 h5 22. Rhf1 Bh6+ 23. Kd3 {[#]} c6 $1 24. dxc6 Rf7 25. Nd5 Kg7 26. c7 Rxc7 27. Nxc7 Qxc7 {[%csl Gb5][%cal Rc7c4] Black mates.} 28. Ke2 Qc4+ 29. Kf3 Qd3+ 30. Kg2 Bf4 31. Rf3 Qd2+ 32. Rf2 Qc3 {[%mdl 64] Double Attack} 33. Raf1 Qxg3+ {[%mdl 64] Double Attack} 34. Kh1 Qxh4+ 35. Kg2 Qg3+ 36. Kh1 Rc8 37. Rg2 Qh3+ 38. Kg1 Be3+ 39. Rgf2 {[#]} Rc2 $1 {[%mdl 64] Pin} 40. a4 bxa4 41. b5 a3 42. b6 a2 43. b7 a1=Q {[%csl Gc2][%cal Re3f2]} 44. b8=Q Bxf2# {Accuracy: White = 53%, Black = 38%.} 0-1

[Event "164 Stay Safe Play From Home"]
[Site "T#646250Emanuel Laske"]
[Date "2020.05.22"]
[Round "8"]
[White "Tavares"]
[Black "Trotsky"]
[Result "1-0"]
[WhiteElo "1785"]
[BlackElo "1593"]
[Annotator "NA RC"]
[PlyCount "43"]
[EventDate "2020.05.22"]
[EventType "swiss (blitz)"]

1. c4 {[%emt 0:00:02]} e6 {[%emt 0:00:02]} 2. Nc3 {[%emt 0:00:01]} d6 {[%emt 0:00:01]} 3. e4 {[%emt 0:00:00]} c5 {[%emt 0:00:01]} 4. Nf3 {[%emt 0:00:02]} Nc6 {[%emt 0:00:01]} 5. d4 {[%emt 0:00:00]} a6 {[%emt 0:00:01]} 6. d5 {[%emt 0:00:01]} exd5 {[%emt 0:00:01]} 7. cxd5 {[%emt 0:00:00]} Ne5 {[%emt 0:00:01]} 8. Nd2 {[%emt 0:00:01]} f5 {[%emt 0:00:04]} 9. f4 {[%emt 0:00:01]} Nf6 {[%emt 0:00:02]} 10. fxe5 {[%emt 0:00:01]} dxe5 {[%emt 0:00:01]} 11. exf5 {[%emt 0:00:07]} Bxf5 {[%emt 0:00:02]} 12. Be2 {[%emt 0:00:00]} Bd6 {[%emt 0:00:01]} 13. O-O {[%emt 0:00:01]} Qc7 {[%emt 0:00:00]} 14. Rxf5 {[%emt 0:00:01]} O-O-O {[%emt 0:00:01]} 15. Nde4 {[%emt 0:00:02]} h5 {[%emt 0:00:01]} 16. Nxf6 {[%emt 0:00:02]} gxf6 {[%emt 0:00:01]} 17. Rxf6 {[%emt 0:00:01]} e4 {[%emt 0:00:01]} 18. h3 {[%emt 0:00:03]} Rdg8 {[%emt 0:00:01]} 19. Nxe4 {[%emt 0:00:02]} Bh2+ {[%emt 0:00:02]} 20. Kh1 {[%emt 0:00:02]} Bg3 {[%emt 0:00:01]} 21. d6 {[%emt 0:00:03]} Rg7 {[%emt 0:00:03]} 22. dxc7 {[%emt 0:00:01] Trotsky Ñäàåòñÿ (Lag: Av=0.36s, max=0.8s)} 1-0

[Event "164 Stay Safe Play From Home"]
[Site "T#646250Emanuel Laske"]
[Date "2020.05.22"]
[Round "9"]
[White "Rogan"]
[Black "Lamborghini"]
[Result "0-1"]
[WhiteElo "2260"]
[BlackElo "2230"]
[Annotator "TA"]
[PlyCount "88"]
[EventDate "2020.05.22"]
[EventType "swiss (blitz)"]

{[%evp 9,88,86,86,83,93,112,100,81,159,156,156,129,131,64,56,21,147,124,181,172,182,191,227,167,167,167,172,174,170,70,172,111,110,84,86,0,44,33,44,45,135,31,27,29,18,0,0,-104,-104,-104,-104,-132,-157,-322,-316,-458,-462,-494,-476,-491,-453,-1054,-1046,-1010,-987,-1581,-1554,-4134,-4134,-5640,-5640,-6804,-6801,-5728,-594,-538,-497,-4898,-1308,-1183,-347]} 1. d4 c5 2. c3 b6 3. Nf3 Bb7 4. Bg5 {[#]} Bxf3 $146 ({Predecessor:} 4... h6 5. Bh4 cxd4 6. cxd4 d6 7. Nc3 Nd7 8. e4 Rc8 9. e5 dxe5 10. dxe5 g5 {1-0 (45) Giessmann,S (2209)-Berchtenbreiter,M (2330) Bayern 2016}) 5. exf3 cxd4 6. cxd4 {A43: Schmid Benoni.} a6 7. Nc3 Nf6 8. Bd3 {White is better.} d5 ({Black should try} 8... g6) 9. O-O $16 e6 10. Re1 Be7 11. Rc1 (11. Bxf6 $1 $16 gxf6 12. Rc1) 11... O-O $14 12. Qe2 Nbd7 (12... Nc6 $11) 13. Bxa6 $16 Qb8 (13... Ne4 $16) 14. Bb5 $36 {[%mdl 2048] Threatens to win with Bxd7. Black is under strong pressure.} Bd6 15. g3 Rd8 16. Bxd7 Rxd7 17. Bxf6 gxf6 18. a3 Bf8 19. Qe3 (19. Nb5 $18) 19... Bg7 (19... b5 $14) 20. Ne2 (20. Nb5 $18) 20... f5 21. f4 b5 22. Qb3 ({Better is} 22. b4 $1 $16) 22... Ra4 (22... b4 $5) 23. Rc5 Rb7 24. Rec1 Ra8 (24... Rc4 $1 $14) 25. Rc8+ ({White should play} 25. a4 $16) 25... Qxc8 $14 26. Rxc8+ Rxc8 27. Nc3 Bxd4 {[#]} 28. Kg2 (28. Nxd5 $1 $11 {[%mdl 512] keeps the balance.} Rd7 (28... exd5 29. Qxd5) 29. Ne3) 28... Bxc3 $1 $17 29. bxc3 {[%mdl 4096] Endgame KQ-KRR} Rc4 $1 30. g4 fxg4 {[#]} 31. Qd1 $2 {Loses the game.} (31. f5 $1 $17 {[%mdl 512]}) 31... Rxf4 $19 32. Qd2 (32. Kg3 $142 Rc4 33. Qd2) 32... Rf5 {Black is clearly winning.} 33. Qd4 h5 34. Qc5 {Qc8+ is the strong threat.} Kg7 35. Qc8 (35. Kf1 $142) 35... Ra7 36. Qc5 Ra4 37. Qxb5 Raf4 38. Qb2 h4 39. c4+ Kg6 40. c5 h3+ 41. Kg1 {[#]} Rc4 (41... g3 $142 $1 {[%cal Rf4f2]} 42. hxg3 (42. fxg3 Rf1#) 42... h2+ 43. Kh1 Rxf2) 42. Kf1 d4 {Hoping for ...d3.} 43. c6 (43. Qb8 $142 Kg5 44. c6) 43... Rfc5 (43... d3 $142 44. Qd2 {[#]} g3 $1 {[%mdl 576] Promotion} 45. hxg3 Rc2 46. Qxd3 Rc1+ 47. Ke2 h2) 44. Qb8 Rc1+ {Accuracy: White = 30%, Black = 59%.} 0-1

[Event "164 Stay Safe Play From Home"]
[Site "T#646250Emanuel Laske"]
[Date "2020.05.22"]
[Round "9"]
[White "BrainThinker22"]
[Black "Tavares"]
[Result "1-0"]
[WhiteElo "2232"]
[BlackElo "1794"]
[Annotator "NA RC"]
[PlyCount "81"]
[EventDate "2020.05.22"]
[EventType "swiss (blitz)"]

1. e4 {[%emt 0:00:00]} c5 {[%emt 0:00:02]} 2. Nc3 {[%emt 0:00:01]} e6 {[%emt 0:00:01]} 3. g3 {[%emt 0:00:00]} a6 {[%emt 0:00:01]} 4. Bg2 {[%emt 0:00:00]} b5 {[%emt 0:00:01]} 5. d3 {[%emt 0:00:00]} Bb7 {[%emt 0:00:01]} 6. a3 {[%emt 0:00:00]} Nc6 {[%emt 0:00:00]} 7. Be3 {[%emt 0:00:00]} Nf6 {[%emt 0:00:03]} 8. h3 {[%emt 0:00:01]} d5 {[%emt 0:00:01]} 9. exd5 {[%emt 0:00:01]} exd5 {[%emt 0:00:00]} 10. d4 {[%emt 0:00:00]} c4 {[%emt 0:00:02]} 11. Nge2 {[%emt 0:00:01]} Be7 {[%emt 0:00:01]} 12. O-O {[%emt 0:00:00]} O-O {[%emt 0:00:00]} 13. f4 {[%emt 0:00:00]} Re8 {[%emt 0:00:01]} 14. g4 {[%emt 0:00:00]} Nd7 {[%emt 0:00:03]} 15. Qd2 {[%emt 0:00:01]} Nf8 {[%emt 0:00:01]} 16. Ng3 {[%emt 0:00:01]} Bf6 {[%emt 0:00:01]} 17. Nf5 {[%emt 0:00:01]} g6 {[%emt 0:00:02]} 18. Nh6+ {[%emt 0:00:01]} Kh8 {[%emt 0:00:02]} 19. g5 {[%emt 0:00:00]} Qe7 {[%emt 0:00:03]} 20. gxf6 {[%emt 0:00:01]} Qxe3+ {[%emt 0:00:01]} 21. Qxe3 {[%emt 0:00:01]} Rxe3 {[%emt 0:00:00]} 22. Nxf7+ {[%emt 0:00:03]} Kg8 {[%emt 0:00:03]} 23. Bxd5 {[%emt 0:00:01]} Na5 {[%emt 0:00:04]} 24. Nh6+ {[%emt 0:00:06]} Kh8 {[%emt 0:00:02]} 25. Bxb7 {[%emt 0:00:00]} Nxb7 {[%emt 0:00:01]} 26. Rae1 {[%emt 0:00:00]} Rae8 {[%emt 0:00:02]} 27. Rxe3 {[%emt 0:00:07]} Rxe3 {[%emt 0:00:01]} 28. Kf2 {[%emt 0:00:00]} Re6 {[%emt 0:00:03]} 29. Nd5 {[%emt 0:00:04]} Nd7 {[%emt 0:00:03]} 30. Re1 {[%emt 0:00:04]} Rxe1 {[%emt 0:00:04]} 31. Kxe1 {[%emt 0:00:00]} Nxf6 {[%emt 0:00:01]} 32. Nxf6 {[%emt 0:00:01]} Kg7 {[%emt 0:00:00]} 33. Nfg4 {[%emt 0:00:02]} Nd6 {[%emt 0:00:02]} 34. c3 {[%emt 0:00:02]} Ne4 {[%emt 0:00:04]} 35. Ke2 {[%emt 0:00:01]} Ng3+ {[%emt 0:00:01]} 36. Kf3 {[%emt 0:00:01]} Nf5 {[%emt 0:00:00]} 37. Nxf5+ {[%emt 0:00:01]} gxf5 {[%emt 0:00:00]} 38. Ne5 {[%emt 0:00:00]} Kf6 {[%emt 0:00:01]} 39. h4 {[%emt 0:00:00]} h5 {[%emt 0:00:01]} 40. Nd7+ {[%emt 0:00:00]} Ke6 {[%emt 0:00:00]} 41. Nc5+ {[%emt 0:00:00] Time (Lag: Av=0.54s, max=1.1s)} 1-0

[Event "164 Stay Safe Play From Home"]
[Site "T#646250Emanuel Laske"]
[Date "2020.05.22"]
[Round "9"]
[White "Haxhi Baha"]
[Black "Mepe_Nika"]
[Result "0-1"]
[WhiteElo "1941"]
[BlackElo "2360"]
[Annotator "TA"]
[PlyCount "72"]
[EventDate "2020.05.22"]
[EventType "swiss (blitz)"]

{[%evp 23,72,0,0,-31,-15,-14,0,-31,-14,-1,3,0,14,3,0,-29,-42,-79,-72,-153,-48,-63,-55,-99,-36,-76,-84,-82,-60,-38,0,-140,-141,-153,-177,-186,-75,-235,-241,-310,-157,-205,-122,-114,-135,-187,-194,-772,-761,-889,-870]} 1. e4 c6 2. Nf3 d5 3. Nc3 dxe4 4. Nxe4 Bf5 5. Ng3 Bg6 6. d4 e6 7. h4 h6 8. h5 Bh7 9. Bd3 Bxd3 10. Qxd3 Nd7 11. Bf4 Qa5+ 12. c3 Ngf6 13. O-O {B19: Classical Caro-Kann: 4...Bf5 main line.} Be7 14. Ne5 O-O {[#]} 15. b4 $146 {The position is equal.} ({Predecessor:} 15. a4 Rad8 16. b4 Nxe5 17. Qe2 Nf3+ 18. Qxf3 Qd5 19. Qe2 Qb3 20. Rfc1 Bd6 21. Be5 Bxe5 22. dxe5 Nd5 23. Rab1 Qxa4 24. Ra1 Qb3 25. Rab1 Qa4 {½-½ (25) Ivanov,V (2494)-Zontakh,A (2545) Moscow 2006}) 15... Qb5 16. c4 Qb6 17. a3 Qd8 18. Qf3 a5 19. c5 Nd5 20. Bd2 Bf6 21. Ng4 (21. Qe4 $142) 21... Bg5 (21... Bxd4 $17 22. Rab1 axb4 23. axb4 b6 24. cxb6 Bxb6) 22. Bxg5 Qxg5 23. Ne4 Qf5 (23... Qxh5 $17 {White must now prevent ...f5.} 24. Nd6 b5 25. cxb6 N7xb6) 24. Nd6 Qxf3 25. gxf3 Rfb8 26. b5 N7f6 27. b6 {[#]} (27. Rfb1 $11) 27... Ne8 $1 $17 28. Nxe8 Rxe8 29. Ne5 Rad8 (29... Red8 $19 {is more deadly. aiming for ...Nc3.} 30. Nc4 Nf4) 30. Rab1 $2 (30. Nc4 $17 {was worth a try.}) 30... Nc3 $19 31. Rb3 Nb5 ({Better is} 31... Ne2+ $19 32. Kh2 Rd5) 32. Rd3 $17 {[#] intending a4.} Rxd4 (32... Rd5 $1 $19 33. Rfd1 Red8) 33. Rxd4 Nxd4 34. Kg2 (34. Rb1 $17) 34... f6 $19 35. Nd7 $2 (35. Nc4 Nb3 36. Rd1) 35... Rd8 36. Rd1 Rxd7 {Accuracy: White = 39%, Black = 51%.} 0-1